Statistiken für Fußballstadien Norddeutschlands

Klicken Sie hier um das Quiz zu spielen!

Allgemein

  • Dieses Quiz wurde 175 mal gespielt
    (129 seit der letzten Aktualisierung)
  • Das Durchschnittsergebnis liegt bei 9 aus 16

Antwortstatistiken

HintAntwort% Korrekt
WeserstadionWerder Bremen
100%
Holstein-StadionHolstein Kiel
99%
VolksparkstadionHamburger SV
96%
Volkswagen ArenaVfL Wolfsburg
95%
NiedersachsenstadionHannover 96
90%
Eintracht-StadionEintracht Braunschweig
89%
MillerntorstadionFC St. Pauli
89%
Stadion an der Bremer BrückeVfL Osnabrück
74%
EmslandstadionSV Meppen
47%
Stadion an der LohmühleVfB Lübeck
43%
Marschweg-StadionVfB Oldenburg
37%
Stadion HoheluftFC Teutonia Ottensen/SC Victoria Hamburg
26%
Manfred-Werner-StadionSC Weiche Flensburg
14%
Wilhelm-Langrehr-StadionTSV Havelse
12%
Friedrich-Ebert-StadionVfV Hildesheim
10%
Stadion DüsternortAtlas Delmenhorst
7%

Verteilung der Resultate

Perzentil nach korrekt beantworteten Fragen

Anzahl Personen mit jedem Resultat

Ihre Resultats-Entwicklung

Sie haben dieses Quiz seit der letzten Aktualisierung nicht gespielt